Love and gravity: (Record no. 2465)

MARC details
000 -LEADER
fixed length control field 00585nam a22001937a 4500
005 - DATE AND TIME OF LATEST TRANSACTION
control field 20260122070509.0
008 - FIXED-LENGTH DATA ELEMENTS--GENERAL INFORMATION
fixed length control field 260122b |||||||| |||| 00| 0 eng d
020 ## - INTERNATIONAL STANDARD BOOK NUMBER
International Standard Book Number 978-0-399-18147-4
082 ## - DEWEY DECIMAL CLASSIFICATION NUMBER
Classification number Fic. So718 2017
100 ## - MAIN ENTRY--PERSONAL NAME
Personal name Sotto, Samantha
9 (RLIN) 67
245 ## - TITLE STATEMENT
Title Love and gravity:
Remainder of title a novel /
Statement of responsibility, etc. Samantha Sotto
260 ## - PUBLICATION, DISTRIBUTION, ETC.
Place of publication, distribution, etc. New York:
Name of publisher, distributor, etc. Ballantine Books,
Date of publication, distribution, etc. c2017
300 ## - PHYSICAL DESCRIPTION
Extent 320p
541 ## - IMMEDIATE SOURCE OF ACQUISITION NOTE
Accession number 7842 c.1
600 ## - SUBJECT ADDED ENTRY--PERSONAL NAME
Personal name Newton, Issac, 1642-1727 - Fiction
9 (RLIN) 68
650 ## - SUBJECT ADDED ENTRY--TOPICAL TERM
Topical term or geographic name entry element Man - woman relationship - Fiction
9 (RLIN) 69
650 ## - SUBJECT ADDED ENTRY--TOPICAL TERM
Topical term or geographic name entry element Time travel - Fiction
9 (RLIN) 70
650 ## - SUBJECT ADDED ENTRY--TOPICAL TERM
Topical term or geographic name entry element Romance fiction
9 (RLIN) 71
Holdings
Withdrawn status Lost status Source of classification or shelving scheme Damaged status Not for loan Home library Current library Date acquired Total Checkouts Full call number Barcode Date last seen Copy number Price effective from Koha item type
    Dewey Decimal Classification     ctu-moalboal ctu-moalboal 05/27/2024   Fic. So718 2017 7842 01/22/2026 1 01/22/2026 Books-Fiction